000 00349 a2200157 4500
001 14424
020 _a9780746086544
040 _cAnchieta - Aquarius
100 _aDobbie, Meg
240 1 0 _aFind the puppy
_leng
245 1 0 _aFind the puppy
300 _a12p.
362 0 _a2007
650 4 _aLiteratura infanto-juvenil em inglês
942 _cBK
999 _c14424
_d14424